Statistics for Wrestling Observer Wrestler of the Year Award

Click here to take the quiz!

General Stats

  • This quiz has been taken 98 times
    (61 since last reset)
  • The average score is 26 of 44

Answer Stats

YearPromotionWrestler% Correct
2021AEWKenny Omega
98%
2018NJPWKenny Omega
98%
2007WWEJohn Cena
91%
2010WWEJohn Cena
91%
2017NJPWKazuchika Okada
87%
1985JCPRic Flair
80%
1983NWARic Flair
80%
1992WWFRic Flair
80%
1984NWARic Flair
80%
1990WCWRic Flair
80%
1982NWARic Flair
80%
1986JCPRic Flair
80%
1989WCWRic Flair
80%
1998WWF"Stone Cold" Steve Austin
80%
2016WWEA.J. Styles
78%
2015NJPWA.J. Styles
78%
2000WWFTriple H
78%
2009WWEChris Jericho
74%
2019AEWChris Jericho
74%
2008WWEChris Jericho
74%
2022AEWJon Moxley
65%
2020AEWJon Moxley
65%
2002WWEKurt Angle
61%
2023NJPWWill Ospreay
59%
2011NJPWHiroshi Tanahashi
57%
2012NJPWHiroshi Tanahashi
57%
2013NJPWHiroshi Tanahashi
57%
2014NJPWShinsuke Nakamura
52%
1981NWAHarley Race
39%
1980NWAHarley Race
39%
1995AJPWMitsuharu Misawa
37%
1997AJPWMitsuharu Misawa
37%
1999AJPWMitsuharu Misawa
37%
1996AJPWKenta Kobashi
35%
2003NOAHKenta Kobashi
35%
2004NOAHKenta Kobashi
35%
2005NOAHKenta Kobashi
35%
1993WCWBig Van Vader
33%
2006CMLLMístico
26%
1994AJPWToshiaki Kawada
22%
2001NJPWKeiji Muto
17%
1991AJPWJumbo Tsuruta
15%
1988UWFAkira Maeda
9%
1987NJPW/AJPWRiki Choshu
9%

Score Distribution

Percentile by Number Answered

Percent of People with Each Score

Your Score History

You have not taken this quiz since the last reset